Plant cell and tissue culture (Record no. 16614)
[ view plain ]
| 000 -LEADER | |
|---|---|
| fixed length control field | 00324nam a22001337a 4500 |
| 003 - CONTROL NUMBER IDENTIFIER | |
| control field | OSt |
| 005 - DATE AND TIME OF LATEST TRANSACTION | |
| control field | 20170105103446.0 |
| 008 - FIXED-LENGTH DATA ELEMENTS--GENERAL INFORMATION | |
| fixed length control field | 131129t xxu||||| |||| 00| 0 eng d |
| 020 ## - INTERNATIONAL STANDARD BOOK NUMBER | |
| International Standard Book Number | 978-0-07-460277-5 |
| 040 ## - CATALOGING SOURCE | |
| Original cataloging agency | ASAB |
| Language of cataloging | ASAB |
| Transcribing agency | ASAB |
| 100 ## - MAIN ENTRY--PERSONAL NAME | |
| Personal name | S. Narayanaswamy |
| 9 (RLIN) | 345 |
| 245 ## - TITLE STATEMENT | |
| Title | Plant cell and tissue culture |
| 942 ## - ADDED ENTRY ELEMENTS (KOHA) | |
| Source of classification or shelving scheme | |
| Koha item type | Book |
| Withdrawn status | Lost status | Source of classification or shelving scheme | Damaged status | Not for loan | Permanent Location | Current Location | Date acquired | Total Checkouts | Full call number | Barcode | Date last seen | Price effective from | Koha item type | Shelving location |
|---|---|---|---|---|---|---|---|---|---|---|---|---|---|---|
| Atta-ur-Rahman School of Applied Biosciences (ASAB) | Atta-ur-Rahman School of Applied Biosciences (ASAB) | 09/10/2015 | 581.07 NAR | ASAB2073 | 05/16/2017 | 09/10/2015 | Book | |||||||
| Atta-ur-Rahman School of Applied Biosciences (ASAB) | Atta-ur-Rahman School of Applied Biosciences (ASAB) | 11/29/2013 | 581.07 NAR | ASAB662 | 11/29/2013 | 11/29/2013 | Book | Reference |
